Library Banner

Guccione's geriatric physical therapy / (Record no. 138783)

MARC details
000 -LEADER
fixed length control field 00601nam a22002177a 4500
005 - DATE AND TIME OF LATEST TRANSACTION
control field 20251006103719.0
008 - FIXED-LENGTH DATA ELEMENTS--GENERAL INFORMATION
fixed length control field 251006b |||||||| |||| 00| 0 eng d
020 ## - INTERNATIONAL STANDARD BOOK NUMBER
International Standard Book Number 9780323609128
040 ## - CATALOGING SOURCE
Transcribing agency PK-LaUMT
082 ## - DEWEY DECIMAL CLASSIFICATION NUMBER
Classification number 615.82084
Item number AVE-G
100 ## - MAIN ENTRY--PERSONAL NAME
Personal name Avers, Dale
245 ## - TITLE STATEMENT
Title Guccione's geriatric physical therapy /
Statement of responsibility, etc by Dale Avers and Rita A. Wong
250 ## - EDITION STATEMENT
Edition statement 4th ed.
260 ## - PUBLICATION, DISTRIBUTION, ETC. (IMPRINT)
Place of publication, distribution, etc Missouri :
Name of publisher, distributor, etc Elsevier,
Date of publication, distribution, etc 2020
300 ## - PHYSICAL DESCRIPTION
Extent 718 p.
546 ## - LANGUAGE NOTE
Language note Eng
650 ## - SUBJECT ADDED ENTRY--TOPICAL TERM
Topical term or geographic name as entry element Geriatric
650 ## - SUBJECT ADDED ENTRY--TOPICAL TERM
Topical term or geographic name as entry element Physical theraphy
650 ## - SUBJECT ADDED ENTRY--TOPICAL TERM
Topical term or geographic name as entry element Older people-Rehabilitation
942 ## - ADDED ENTRY ELEMENTS (KOHA)
Koha item type Books
Holdings
Withdrawn status Lost status Damaged status Home library Current library Date acquired Full call number Barcode Date last seen Price effective from Koha item type Copy number
      UMT Health Sciences Campus UMT Health Sciences Campus 2025-10-06 615.82084 AVE-G 150870 2025-10-06 2025-10-06 Books  
      UMT Health Sciences Campus UMT Health Sciences Campus 2025-10-06 615.82084 AVE-G 150871 2025-10-06 2025-10-06 Books C.2